000
00255 a2200109 4500
001
38096
090
_c
24247
_d
24247
100
_a
Ronald F. Gibson
245
_a
Principles of composite material mechanics
260
_a
Singapore
_b
McGraw Hill
_c
1994
300
_a
425
942
_a
NUST-CAE
999
_c
273169
_d
273169